[Event "BCF-chT3S 1415 (4NCL)"]
[Site "England"]
[Date "2015.02.15"]
[Round "6.9"]
[White "Hung, Dylan"]
[Black "Bulmaga, Elena"]
[Result "1/2-1/2"]
[WhiteElo "1349"]
[BlackElo "1809"]
[PlyCount "61"]
[EventDate "2014.11.15"]
[EventType "team-swiss"]
[EventRounds "6"]
[EventCountry "ENG"]
[SourceTitle "EXT 2016"]
[Source "ChessBase"]
[SourceDate "2015.10.08"]
[SourceVersion "1"]
[SourceVersionDate "2015.10.08"]
[SourceQuality "1"]
[WhiteTeam "Barnet Knights III"]
[BlackTeam "Midland Monarchs II"]
[WhiteTeamCountry "ENG"]
[BlackTeamCountry "ENG"]

1. c4 Nf6 2. g3 e6 3. Bg2 d5 4. Nf3 Be7 5. d4 0-0 6. 0-0 dxc4 7. Na3 Nbd7 8. Nxc4 c5 9. Bf4 Nd5 10. Bd2 N7f6 11. Rc1 b6 12. a3 Rb8 13. dxc5 Bxc5 14. b4 Be7 15. Re1 Bb7 16. Nd4 Rc8 17. e4 Nc3 18. Bxc3 Rxc4 19. e5 Bxg2 20. Kxg2 Nd5 21. Qb3 Rxc3 22. Rxc3 Nxc3 23. Qxc3 Qa8+ 24. Qc6 Qb8 25. f4 Rc8 26. Qd7 Rc7 27. Nc6 Rxd7 28. Nxb8 Rd2+ 29. Kg1 g5 30. Nc6 Bd8 31. Nxd8 1/2-1/2

[Event "ROM-ch U16 Girls"]
[Site "Calimanesti"]
[Date "2013.04.07"]
[Round "8"]
[White "Banciu, Bianca Gabriela"]
[Black "Bulmaga, Elena"]
[Result "0-1"]
[WhiteElo "1599"]
[BlackElo "1798"]
[PlyCount "74"]
[EventDate "2013.04.02"]
[EventType "swiss"]
[EventRounds "9"]
[EventCountry "ROU"]
[SourceTitle "CBM 153 Extra"]
[Source "ChessBase"]
[SourceDate "2013.04.22"]
[SourceVersion "1"]
[SourceVersionDate "2013.04.22"]
[SourceQuality "1"]

1. d4 e6 2. c4 Nf6 3. Nc3 Bb4 4. Qc2 0-0 5. Nf3 b6 6. e3 Bb7 7. Be2 d6 8. 0-0 Bxc3 9. bxc3 Nbd7 10. Nd2 e5 11. e4 Qe7 12. Re1 Rae8 13. d5 Nc5 14. Ba3 Nfd7 15. Nb3 Qh4 16. Bxc5 Nxc5 17. Nxc5 bxc5 18. Rab1 Bc8 19. Bd3 g6 20. Re3 f5 21. exf5 Bxf5 22. Bxf5 Rxf5 23. Re4 Rf4 24. g3 Qg4 25. Rbe1 Rxe4 26. Rxe4 Qf3 27. Re3 Qf5 28. Qb3 Rf8 29. Re2 Qd3 30. Rb2 e4 31. Rb1 e3 32. fxe3 Qxe3+ 33. Kh1 Qf3+ 34. Kg1 Qf2+ 35. Kh1 Re8 36. Qd1 Re2 37. Qg1 Qf3+ 0-1

[Event "ROM-ch U16 Girls"]
[Site "Calimanesti"]
[Date "2013.04.06"]
[Round "7"]
[White "Bulmaga, Elena"]
[Black "Moldovan, Petruta Alisia"]
[Result "1/2-1/2"]
[WhiteElo "1798"]
[BlackElo "1712"]
[PlyCount "89"]
[EventDate "2013.04.02"]
[EventType "swiss"]
[EventRounds "9"]
[EventCountry "ROU"]
[SourceTitle "CBM 153 Extra"]
[Source "ChessBase"]
[SourceDate "2013.04.22"]
[SourceVersion "1"]
[SourceVersionDate "2013.04.22"]
[SourceQuality "1"]

1. d4 d5 2. c4 dxc4 3. Nc3 a6 4. e3 Nf6 5. Bxc4 e6 6. Nf3 b5 7. Bd3 Bb7 8. Qe2 Nbd7 9. 0-0 c5 10. a3 Bd6 11. Rd1 Qb8 12. h3 0-0 13. Bc2 Qc7 14. dxc5 Bxc5 15. Ng5 Rac8 16. Qd3 Ne5 17. Qe2 Ba7 18. Bb1 Bb8 19. f4 Ng6 20. Nce4 Nxe4 21. Nxe4 Rfd8 22. Bd2 h6 23. Ng3 Nh4 24. Ne4 f5 25. g3 Bxe4 26. Bxe4 fxe4 27. gxh4 Rd3 28. Qg4 Qf7 29. Kh1 Rcd8 30. Bc3 Rxd1+ 31. Rxd1 Rxd1+ 32. Qxd1 Ba7 33. Qd8+ Kh7 34. Qa8 Bb6 35. Qxe4+ Qf5 36. Qxf5+ exf5 37. Bd4 Bd8 38. h5 g5 39. hxg6+ Kxg6 40. Kg2 h5 41. Kf3 a5 42. e4 h4 43. e5 Kf7 44. Ke3 Ke6 45. b3 1/2-1/2

[Event "ROM-ch U16 Girls"]
[Site "Calimanesti"]
[Date "2013.04.05"]
[Round "5"]
[White "Bulmaga, Elena"]
[Black "Cosman, Andreea Marioara"]
[Result "1/2-1/2"]
[WhiteElo "1798"]
[BlackElo "1939"]
[PlyCount "66"]
[EventDate "2013.04.02"]
[EventType "swiss"]
[EventRounds "9"]
[EventCountry "ROU"]
[SourceTitle "CBM 153 Extra"]
[Source "ChessBase"]
[SourceDate "2013.04.22"]
[SourceVersion "1"]
[SourceVersionDate "2013.04.22"]
[SourceQuality "1"]

1. d4 Nf6 2. c4 c5 3. d5 d6 4. Nc3 g6 5. e4 Bg7 6. Nf3 0-0 7. h3 e6 8. Bd3 exd5 9. exd5 Re8+ 10. Be3 b5 11. Nxb5 Ne4 12. 0-0 a6 13. Nc3 Nxc3 14. bxc3 Bxc3 15. Rb1 Nd7 16. Qc2 Bg7 17. Qa4 Ne5 18. Nxe5 Bxe5 19. Rfe1 Bd7 20. Qc2 Qc7 21. Bd2 Qd8 22. Bc3 Qg5 23. Bxe5 dxe5 24. Re3 Rab8 25. Qc3 Rxb1+ 26. Bxb1 f5 27. Qa5 f4 28. Rb3 f3 29. Rxf3 Qc1+ 30. Kh2 Qxb1 31. Qc7 Bf5 32. Rb3 Qe4 33. Rb7 Qf4+ 1/2-1/2

[Event "ROM-ch U16 Girls"]
[Site "Calimanesti"]
[Date "2013.04.03"]
[Round "3"]
[White "Bulmaga, Elena"]
[Black "Cusmuliuc, Diana Elena"]
[Result "1-0"]
[WhiteElo "1798"]
[BlackElo "1782"]
[PlyCount "109"]
[EventDate "2013.04.02"]
[EventType "swiss"]
[EventRounds "9"]
[EventCountry "ROU"]
[SourceTitle "CBM 153 Extra"]
[Source "ChessBase"]
[SourceDate "2013.04.22"]
[SourceVersion "1"]
[SourceVersionDate "2013.04.22"]
[SourceQuality "1"]

1. e4 c5 2. c3 Nf6 3. e5 Nd5 4. d4 cxd4 5. Nf3 e6 6. cxd4 Nc6 7. Bc4 Nb6 8. Bb3 Be7 9. 0-0 0-0 10. Nc3 d6 11. exd6 Bxd6 12. Re1 Be7 13. Bf4 Nb4 14. Rc1 a6 15. a3 Nc6 16. Qd3 Bf6 17. Bc2 g6 18. Rcd1 Nd5 19. Bh6 Bg7 20. Bg5 Bf6 21. Ne4 Bxg5 22. Nexg5 Nce7 23. Ne5 Nf5 24. Ngf3 Bd7 25. Qb3 Bc8 26. Be4 Nfe7 27. Rc1 b5 28. a4 Qb6 29. Rc5 f6 30. a5 Qd6 31. Nd3 Bd7 32. Nb4 Nxb4 33. Bxa8 Rxa8 34. Qxb4 Nc8 35. Qc3 Ne7 36. Qb4 Nc6 37. Qc3 Ne7 38. h3 Nd5 39. Qc1 Nb4 40. Qe3 Nd5 41. Qe4 Re8 42. h4 Nf4 43. g3 Nd5 44. h5 g5 45. Nh2 Nb4 46. Ng4 Rf8 47. h6 Nc6 48. Rxc6 Bxc6 49. Qxe6+ Qxe6 50. Rxe6 Bf3 51. Nxf6+ Kf7 52. Nxh7 Kxe6 53. Nxf8+ Kf7 54. h7 Kg7 55. Ne6+ 1-0

[Event "Wch U16 Girls"]
[Site "Al Ain"]
[Date "2013.??.??"]
[Round "9"]
[White "Machlik, Monika"]
[Black "Bulmaga, Elena"]
[Result "1-0"]
[WhiteElo "1936"]
[BlackElo "1820"]
[PlyCount "27"]
[EventDate "2013.12.18"]
[EventType "swiss"]
[EventRounds "11"]
[EventCountry "UAE"]
[SourceTitle "CBM 158 Extra"]
[Source "ChessBase"]
[SourceDate "2014.02.28"]
[SourceVersion "1"]
[SourceVersionDate "2014.02.28"]
[SourceQuality "1"]

1. d4 Nf6 2. c4 e6 3. Nc3 Bb4 4. Qc2 b6 5. e4 Bb7 6. Bd3 h6 7. f3 d6 8. Qa4+ Nc6 9. d5 exd5 10. cxd5 Nxd5 11. exd5 Qh4+ 12. Kf1 Qd4 13. dxc6 0-0 14. cxb7 1-0

[Event "Wch U16 Girls"]
[Site "Al Ain"]
[Date "2013.??.??"]
[Round "2"]
[White "Mira, Sarhan"]
[Black "Bulmaga, Elena"]
[Result "1/2-1/2"]
[WhiteElo "1312"]
[BlackElo "1820"]
[PlyCount "85"]
[EventDate "2013.12.18"]
[EventType "swiss"]
[EventRounds "11"]
[EventCountry "UAE"]
[SourceTitle "CBM 158 Extra"]
[Source "ChessBase"]
[SourceDate "2014.02.28"]
[SourceVersion "1"]
[SourceVersionDate "2014.02.28"]
[SourceQuality "1"]

1. d4 Nf6 2. Nf3 e6 3. e3 Bb4+ 4. Nbd2 0-0 5. Bd3 b6 6. 0-0 Bb7 7. b3 d6 8. Bb2 Bxd2 9. Nxd2 Nbd7 10. c4 e5 11. d5 Nc5 12. Bc2 a5 13. Nf3 Bc8 14. h3 Bd7 15. a4 Qc8 16. Kh2 Nfe4 17. Nd2 f5 18. Nxe4 fxe4 19. f3 Bf5 20. fxe4 Bxe4 21. Bxe4 Nxe4 22. Qd3 Nc5 23. Qc2 Qd7 24. Ba3 Qe7 25. Bxc5 bxc5 26. Rf5 Rxf5 27. Qxf5 Rf8 28. Qd3 Qg5 29. Qd2 e4 30. Re1 Qe5+ 31. Kh1 Qg3 32. Kg1 h6 33. Rf1 Rb8 34. Qc3 Rf8 35. Rxf8+ Kxf8 36. Qd2 Ke7 37. Qf2 Qg5 38. Kh1 Qf6 39. Qxf6+ Kxf6 40. Kh2 g5 41. g4 Ke7 42. Kg3 Kd7 43. Kf2 1/2-1/2

[Event "EU-ch U14 Girls"]
[Site "Prague"]
[Date "2012.08.24"]
[Round "8"]
[White "Glapa, Anna"]
[Black "Bulmaga, Elena"]
[Result "0-1"]
[WhiteElo "1594"]
[BlackElo "1809"]
[PlyCount "108"]
[EventDate "2012.08.17"]
[EventType "swiss"]
[EventRounds "9"]
[EventCountry "CZE"]
[SourceTitle "CBM 150 Extra"]
[Source "ChessBase"]
[SourceDate "2012.10.19"]
[SourceVersion "1"]
[SourceVersionDate "2012.10.19"]
[SourceQuality "1"]

1. e4 c6 2. d4 d5 3. exd5 cxd5 4. Bd3 Nc6 5. c3 Qc7 6. Ne2 Bg4 7. f3 Bh5 8. 0-0 e6 9. Bf4 Bd6 10. Bxd6 Qxd6 11. Nd2 Nf6 12. Qc2 Rc8 13. a3 0-0 14. Rae1 a6 15. f4 Bxe2 16. Rxe2 Nxd4 17. Qd1 Nxe2+ 18. Qxe2 Qb6+ 19. Kh1 Qxb2 20. Rb1 Qxc3 21. Rxb7 Qa1+ 22. Rb1 Rc1+ 23. Rxc1 Qxc1+ 24. Nf1 Qxf4 25. Bxa6 g6 26. h3 Rb8 27. Bb5 Rc8 28. a4 Rc1 29. a5 Ne4 30. Qf3 Ng3+ 31. Kg1 Qxf3 32. gxf3 Nxf1 33. Bxf1 Ra1 34. a6 d4 35. Kf2 e5 36. Bc4 Kg7 37. Ke2 f5 38. Kd2 e4 39. fxe4 fxe4 40. h4 d3 41. h5 gxh5 42. Ke3 h4 43. Bd5 Rxa6 44. Bxe4 h3 45. Bxd3 Rh6 46. Ke2 h2 47. Be4 Re6 48. Kf2 Rxe4 49. Kg2 Rh4 50. Kh1 Rh5 51. Kg2 h1Q+ 52. Kg3 Rf5 53. Kg4 Qf3+ 54. Kh4 Rh5# 0-1

[Event "EU-ch U14 Girls"]
[Site "Prague"]
[Date "2012.08.23"]
[Round "7"]
[White "Bulmaga, Elena"]
[Black "Kyrkjebo, Marte Bakken"]
[Result "1-0"]
[WhiteElo "1809"]
[BlackElo "1628"]
[PlyCount "75"]
[EventDate "2012.08.17"]
[EventType "swiss"]
[EventRounds "9"]
[EventCountry "CZE"]
[SourceTitle "CBM 150 Extra"]
[Source "ChessBase"]
[SourceDate "2012.10.19"]
[SourceVersion "1"]
[SourceVersionDate "2012.10.19"]
[SourceQuality "1"]

1. d4 d5 2. c4 c6 3. Nc3 Nf6 4. Nf3 a6 5. c5 Nbd7 6. Bg5 e6 7. e3 Be7 8. Bd3 e5 9. Nxe5 Nxe5 10. dxe5 Ng4 11. Bf4 Bxc5 12. h3 d4 13. Ne4 Bb4+ 14. Kf1 Nh6 15. Qb3 Be7 16. Bc4 0-0 17. Bxh6 gxh6 18. Rd1 b5 19. Bxf7+ Rxf7 20. Rxd4 Qf8 21. e6 Rf5 22. f4 Kh8 23. g4 Re5 24. Qc3 Bxe6 25. Rd1 Bc4+ 26. Kg2 Bd5 27. Rxd5 cxd5 28. Qxe5+ Kg8 29. Qxd5+ Kh8 30. Qe5+ Kg8 31. Qe6+ Kh8 32. Rc1 Kg7 33. Rc7 Re8 34. Nd6 Kh8 35. Nxe8 Qxe8 36. Rxe7 Qa8+ 37. Kg3 Qh1 38. Qc8# 1-0

[Event "EU-ch U14 Girls"]
[Site "Prague"]
[Date "2012.08.19"]
[Round "3"]
[White "Bulmaga, Elena"]
[Black "Haussernot, Cecile"]
[Result "0-1"]
[WhiteElo "1809"]
[BlackElo "2074"]
[PlyCount "142"]
[EventDate "2012.08.17"]
[EventType "swiss"]
[EventRounds "9"]
[EventCountry "CZE"]
[SourceTitle "CBM 150 Extra"]
[Source "ChessBase"]
[SourceDate "2012.10.19"]
[SourceVersion "1"]
[SourceVersionDate "2012.10.19"]
[SourceQuality "1"]

1. d4 Nf6 2. c4 e6 3. Nc3 Bb4 4. e3 0-0 5. Nge2 d5 6. a3 Be7 7. Nf4 b6 8. cxd5 exd5 9. Bd3 Bb7 10. 0-0 Qd7 11. b4 Nc6 12. Bb2 Nd8 13. Rc1 Rc8 14. Qc2 c5 15. bxc5 bxc5 16. Bf5 Ne6 17. dxc5 Bxc5 18. Rfd1 Rfd8 19. Qb3 Bc6 20. e4 Rb8 21. Qa2 Qd6 22. Ncxd5 Bxd5 23. Nxd5 Nxd5 24. Rxd5 Qf4 25. Rc2 Rxd5 26. exd5 Qxf5 27. dxe6 fxe6 28. Bc3 Rd8 29. Rc1 Rf8 30. Be1 h6 31. a4 Qe5 32. Qc4 Bd4 33. Qc7 Qe2 34. Qc2 Qe5 35. Qc7 Qg5 36. Qc4 Kh8 37. Rd1 e5 38. Qb4 Qf6 39. Qd2 Rd8 40. Qe2 e4 41. Kh1 Re8 42. Qb5 Rd8 43. Ba5 Rf8 44. Bb4 Rd8 45. Ba5 Bb6 46. Rxd8+ Qxd8 47. Be1 Qf8 48. Qe2 Qf5 49. Qc2 Qf4 50. Qe2 Kh7 51. g3 Qf3+ 52. Qxf3 exf3 53. Kg1 Bd4 54. Bd2 Kg6 55. g4 Kf6 56. Bf4 Ke6 57. h4 Kd5 58. h5 Bb6 59. Bd2 Kc4 60. a5 Bd4 61. Bf4 Kd3 62. Kf1 Bc3 63. Be3 a6 64. Bb6 Ke4 65. Be3 Bxa5 66. g5 hxg5 67. Bxg5 Bc3 68. h6 gxh6 69. Bxh6 Kd3 70. Bf8 a5 71. Ba3 Bb4 0-1

[Event "EU-ch U14 Girls"]
[Site "Prague"]
[Date "2012.08.18"]
[Round "2"]
[White "Paramzina, Anastasya"]
[Black "Bulmaga, Elena"]
[Result "1/2-1/2"]
[WhiteElo "2021"]
[BlackElo "1809"]
[PlyCount "85"]
[EventDate "2012.08.17"]
[EventType "swiss"]
[EventRounds "9"]
[EventCountry "CZE"]
[SourceTitle "CBM 150 Extra"]
[Source "ChessBase"]
[SourceDate "2012.10.19"]
[SourceVersion "1"]
[SourceVersionDate "2012.10.19"]
[SourceQuality "1"]

1. e4 c6 2. d4 d5 3. Nc3 dxe4 4. Nxe4 Bf5 5. Ng3 Bg6 6. Nf3 Nd7 7. h4 h6 8. h5 Bh7 9. Bd3 Bxd3 10. Qxd3 e6 11. Bd2 Qc7 12. Ne4 Ngf6 13. 0-0-0 0-0-0 14. g3 Nxe4 15. Qxe4 Nf6 16. Qd3 Bd6 17. c4 Rhe8 18. Bc3 Kb8 19. Kb1 Ng4 20. Qe2 c5 21. Ka1 Ka8 22. Rd3 f6 23. Rhd1 e5 24. dxe5 Nxe5 25. Re3 Re7 26. Nh4 Nc6 27. a3 Rde8 28. Rxe7 Rxe7 29. Qd2 Be5 30. Bxe5 Rxe5 31. f4 Re8 32. Qd7 Qxd7 33. Rxd7 Re7 34. Rd5 b6 35. Nf5 Re1+ 36. Ka2 Rg1 37. Rd3 Nd4 38. Nxd4 cxd4 39. Kb3 Kb7 40. Ka4 Kc6 41. b4 a6 42. Kb3 Rg2 43. Ka4 1/2-1/2

[Event "World School-ch U15 Girls 8th"]
[Site "Iasi"]
[Date "2012.05.05"]
[Round "8"]
[White "Bulmaga, Elena"]
[Black "Samudin, Elina"]
[Result "1/2-1/2"]
[WhiteElo "1823"]
[BlackElo "1474"]
[PlyCount "140"]
[EventDate "2012.04.28"]
[EventType "swiss"]
[EventRounds "9"]
[EventCountry "ROU"]
[SourceTitle "EXT 2013"]
[Source "ChessBase"]
[SourceDate "2012.11.22"]
[SourceVersion "1"]
[SourceVersionDate "2012.11.22"]
[SourceQuality "1"]

1. d4 d5 2. c4 e6 3. Nc3 c6 4. Nf3 f5 5. Bf4 Nf6 6. e3 Bd6 7. Ne5 0-0 8. Bd3 Bc7 9. 0-0 Ne4 10. f3 Nxc3 11. bxc3 Nd7 12. Nxd7 Bxd7 13. Bxc7 Qxc7 14. f4 Rf6 15. c5 Raf8 16. Rb1 Rh6 17. Qb3 Bc8 18. c4 Kh8 19. Rf3 Rff6 20. h3 Rh4 21. Rb2 Qe7 22. Qc3 a6 23. Qa5 g5 24. fxg5 Rg6 25. Rbf2 Qxg5 26. Qc7 Rg8 27. cxd5 cxd5 28. Qe5+ Qg7 29. Qxg7+ Rxg7 30. Rb2 Rh6 31. Kh2 Rh5 32. Rb6 Rhg5 33. g3 Rc7 34. Bc2 Bd7 35. Bb3 Rg8 36. Rf4 Bc6 37. Bd1 Rcg7 38. g4 h5 39. Rb2 hxg4 40. hxg4 fxg4 41. Kg3 Rh7 42. Bxg4 Rh1 43. Rh2+ Rxh2 44. Kxh2 Rg6 45. Kg3 Kg7 46. Kf3 Rf6 47. Rxf6 Kxf6 48. Kf4 Be8 49. Bf3 a5 50. a3 a4 51. e4 Bc6 52. Bg2 dxe4 53. Bxe4 Bxe4 54. Kxe4 Kf7 55. Kd3 Kf6 56. Ke4 Kf7 57. Kf3 Ke7 58. Ke3 Kd8 59. Kd3 Kc7 60. Ke4 Kd7 61. Kf4 Kd8 62. Kg5 Ke7 63. Kg6 e5 64. Kf5 exd4 65. Ke4 d3 66. Kxd3 Kd7 67. Kc3 Kc7 68. Kb4 Kc6 69. Kc4 b6 70. cxb6 Kxb6 1/2-1/2

[Event "World School-ch U15 Girls 8th"]
[Site "Iasi"]
[Date "2012.05.01"]
[Round "4"]
[White "Bulmaga, Elena"]
[Black "Orshonova, Elena"]
[Result "0-1"]
[WhiteElo "1823"]
[BlackElo "1867"]
[PlyCount "124"]
[EventDate "2012.04.28"]
[EventType "swiss"]
[EventRounds "9"]
[EventCountry "ROU"]
[SourceTitle "EXT 2013"]
[Source "ChessBase"]
[SourceDate "2012.11.22"]
[SourceVersion "1"]
[SourceVersionDate "2012.11.22"]
[SourceQuality "1"]

1. d4 d5 2. c4 c6 3. Nf3 Nf6 4. Nc3 e6 5. Bg5 h6 6. Bh4 dxc4 7. e4 g5 8. Bg3 b5 9. Ne5 Nd5 10. Nf3 Nf6 11. e5 Nd5 12. a3 Nxc3 13. bxc3 Nd7 14. Nd2 Bb7 15. Rb1 Rb8 16. Ne4 a6 17. Nd6+ Bxd6 18. exd6 Qf6 19. Qd2 Qg6 20. Rb2 Qe4+ 21. Qe3 Qxe3+ 22. fxe3 0-0 23. Be2 c5 24. 0-0 cxd4 25. exd4 f5 26. Be5 Kh7 27. Bf3 Bxf3 28. Rxf3 Kg6 29. Rf1 f4 30. Re2 Rf5 31. h4 Nxe5 32. dxe5 Rb7 33. hxg5 hxg5 34. Kf2 Rf8 35. Rb1 Kf5 36. a4 Rc8 37. axb5 axb5 38. Rh1 Kg6 39. Kf3 b4 40. Rb1 b3 41. Ke4 Rh7 42. Rd2 Rh4 43. Kf3 Kf5 44. Re1 Rh7 45. Ree2 Rb8 46. g4+ fxg3 47. Kxg3 Rh4 48. d7 Rd8 49. Rf2+ Rf4 50. Rfe2 g4 51. Re3 Re4 52. Rxe4 Kxe4 53. Rd4+ Kxe5 54. Rxc4 Rxd7 55. Rb4 Rd3+ 56. Kxg4 Rxc3 57. Rb6 Kd5 58. Kg5 e5 59. Kf5 Rf3+ 60. Kg4 Rf4+ 61. Kg3 Kc4 62. Rb8 Rd4 0-1

[Event "World School-ch U15 Girls 8th"]
[Site "Iasi"]
[Date "2012.04.30"]
[Round "3"]
[White "Goian, Valeria"]
[Black "Bulmaga, Elena"]
[Result "0-1"]
[WhiteElo "1423"]
[BlackElo "1823"]
[PlyCount "70"]
[EventDate "2012.04.28"]
[EventType "swiss"]
[EventRounds "9"]
[EventCountry "ROU"]
[SourceTitle "EXT 2013"]
[Source "ChessBase"]
[SourceDate "2012.11.22"]
[SourceVersion "1"]
[SourceVersionDate "2012.11.22"]
[SourceQuality "1"]

1. d4 d5 2. Nf3 Nf6 3. e3 e6 4. Bd3 c5 5. c3 Nc6 6. Nbd2 Bd6 7. 0-0 0-0 8. dxc5 Bxc5 9. e4 Qc7 10. Qe2 dxe4 11. Nxe4 Nxe4 12. Qxe4 f5 13. Qh4 Be7 14. Qc4 Bd6 15. h3 Kh8 16. Ng5 e5 17. Ne6 Bxe6 18. Qxe6 Rae8 19. Qd5 e4 20. Bc4 Ne7 21. Qd1 Bh2+ 22. Kh1 Qxc4 23. Kxh2 Rd8 24. Qe1 f4 25. b3 Qd3 26. Bb2 f3 27. g3 Qe2 28. Ba3 Rfe8 29. Qxe2 fxe2 30. Rfe1 Rd2 31. Bc1 Rc2 32. Be3 Nd5 33. Bxa7 Nxc3 34. a3 Rd8 35. Be3 Rd1 0-1

[Event "ROM-ch (Women)"]
[Site "Sarata Monteoru"]
[Date "2012.02.18"]
[Round "6"]
[White "Padurariu, Ioana Smaranda"]
[Black "Bulmaga, Elena"]
[Result "1-0"]
[WhiteElo "2247"]
[BlackElo "1816"]
[PlyCount "57"]
[EventDate "2012.02.13"]
[EventType "swiss"]
[EventRounds "9"]
[EventCountry "ROU"]
[SourceTitle "CBM 147 Extra"]
[Source "ChessBase"]
[SourceDate "2012.04.24"]
[SourceVersion "1"]
[SourceVersionDate "2012.04.24"]
[SourceQuality "1"]

1. e4 c6 2. d4 d5 3. e5 Bf5 4. Nc3 a6 5. Nce2 e6 6. Ng3 Bg6 7. h4 h6 8. h5 Bh7 9. Bd3 Bxd3 10. Qxd3 Nd7 11. f4 Ne7 12. Nf3 c5 13. c3 Nc6 14. f5 exf5 15. Nxf5 cxd4 16. cxd4 Qc7 17. a3 0-0-0 18. 0-0 Re8 19. Bf4 f6 20. e6 Qxf4 21. exd7+ Kxd7 22. Ne5+ Nxe5 23. Qb3 Nf3+ 24. Rxf3 Qc7 25. Qxd5+ Bd6 26. Nxg7 Re7 27. Qf5+ Kd8 28. Ne6+ Rxe6 29. Qxe6 1-0

[Event "EU-ch U14 Girls"]
[Site "Albena"]
[Date "2011.09.19"]
[Round "8"]
[White "Bulmaga, Elena"]
[Black "Cosman, Andreea Marioara"]
[Result "1/2-1/2"]
[WhiteElo "1802"]
[BlackElo "1885"]
[PlyCount "73"]
[EventDate "2011.09.11"]
[EventType "swiss"]
[EventRounds "9"]
[EventCountry "BUL"]
[SourceTitle "CBM 144 Extra"]
[Source "ChessBase"]
[SourceDate "2011.10.28"]
[SourceVersion "1"]
[SourceVersionDate "2011.10.28"]
[SourceQuality "1"]

1. d4 Nf6 2. c4 c5 3. d5 d6 4. Nc3 g6 5. e4 Bg7 6. Nf3 0-0 7. h3 e6 8. Bd3 Re8 9. 0-0 Na6 10. a3 Nc7 11. Re1 exd5 12. cxd5 a6 13. a4 Bd7 14. a5 Bb5 15. Bc2 Rb8 16. Bg5 b6 17. axb6 Rxb6 18. Nd2 Qd7 19. Nxb5 axb5 20. Nb3 Na6 21. e5 dxe5 22. Rxa6 Rxa6 23. Nxc5 Qd6 24. Nxa6 Qxa6 25. Qd2 Qd6 26. Bb3 Rc8 27. Rc1 Rxc1+ 28. Qxc1 Bf8 29. Qc6 Ne4 30. Be3 b4 31. f3 Nc5 32. Qxd6 Bxd6 33. Bc4 Kf8 34. Kf2 Ke7 35. Ke2 f5 36. Bd2 Nd7 37. Bg5+ 1/2-1/2

[Event "EU-ch U14 Girls"]
[Site "Albena"]
[Date "2011.09.12"]
[Round "2"]
[White "Bulmaga, Elena"]
[Black "Blagojevic, Tijana"]
[Result "1/2-1/2"]
[WhiteElo "1802"]
[BlackElo "1906"]
[PlyCount "111"]
[EventDate "2011.09.11"]
[EventType "swiss"]
[EventRounds "9"]
[EventCountry "BUL"]
[SourceTitle "CBM 144 Extra"]
[Source "ChessBase"]
[SourceDate "2011.10.28"]
[SourceVersion "1"]
[SourceVersionDate "2011.10.28"]
[SourceQuality "1"]

1. d4 d5 2. c4 c6 3. Nc3 Nf6 4. Nf3 e6 5. Bg5 Nbd7 6. e3 Qa5 7. Nd2 dxc4 8. Bxf6 Nxf6 9. Nxc4 Qc7 10. Rc1 Be7 11. Be2 0-0 12. 0-0 Rd8 13. Qb3 Bd7 14. e4 b5 15. Nd2 b4 16. Na4 Be8 17. e5 Nd5 18. Bf3 Nb6 19. Nxb6 Qxb6 20. Qe3 Rxd4 21. Nc4 Qd8 22. Nd6 Rxd6 23. exd6 Bg5 24. Qd4 Bxc1 25. Rxc1 Qb6 26. Qh4 Rd8 27. Qe7 c5 28. d7 Bxd7 29. Rd1 Qc7 30. Bc6 g6 31. Rxd7 Rxd7 32. Qxd7 Qe5 33. Qd2 a5 34. g3 c4 35. Ba4 h5 36. h4 c3 37. bxc3 bxc3 38. Qd3 Qe1+ 39. Kg2 Qe5 40. Bb3 Qc5 41. Kf1 Kh7 42. Ke2 Qa3 43. Qc2 Qc5 44. Kd3 e5 45. Bxf7 e4+ 46. Ke2 Qf5 47. Bc4 Qf3+ 48. Ke1 e3 49. Bb3 a4 50. Bxa4 exf2+ 51. Qxf2 Qe4+ 52. Kf1 Qxa4 53. Qf7+ Kh6 54. Qf8+ Kh7 55. Qe7+ Kh6 56. Qf8+ 1/2-1/2

[Event "Satu Mare op 2nd"]
[Site "Satu Mare"]
[Date "2011.07.18"]
[Round "5"]
[White "Veklinec, Andrei"]
[Black "Bulmaga, Elena"]
[Result "1-0"]
[WhiteElo "2048"]
[BlackElo "1791"]
[PlyCount "139"]
[EventDate "2011.07.15"]
[EventType "swiss"]
[EventRounds "9"]
[EventCountry "ROU"]
[SourceTitle "CBM 143 Extra"]
[Source "ChessBase"]
[SourceDate "2011.08.29"]
[SourceVersion "1"]
[SourceVersionDate "2011.08.29"]
[SourceQuality "1"]

1. d4 Nf6 2. c4 c5 3. d5 b5 4. cxb5 a6 5. bxa6 Bxa6 6. Nc3 g6 7. e3 Bxf1 8. Kxf1 d6 9. Nf3 Bg7 10. Nd2 0-0 11. Nc4 Nbd7 12. Bd2 Ra6 13. Qe2 Qa8 14. e4 Rb8 15. f3 Nb6 16. b3 Nfd7 17. Ne3 Ra3 18. Kf2 Bd4 19. Kg3 Rc8 20. Rhc1 Be5+ 21. Kh3 c4 22. bxc4 Na4 23. Nb5 Bxa1 24. Rxa1 Nb2 25. Nxa3 Qxa3 26. Bc1 Rb8 27. Nd1 Qd3 28. Qxd3 Nxd3 29. Be3 N3e5 30. a4 Nxc4 31. a5 Ra8 32. a6 Nxe3 33. Nxe3 Nc5 34. a7 Nd7 35. Nc4 Kf8 36. f4 f6 37. g4 g5 38. Kg3 h6 39. h4 Kf7 40. h5 Kf8 41. Kf2 gxf4 42. Ke2 Kf7 43. Kd2 Kf8 44. Kc3 Kf7 45. Kd4 Kg7 46. Kc3 Kf7 47. Kb4 f3 48. Kb5 f2 49. Ka6 Nc5+ 50. Kb6 Rg8 51. Ne3 Ra8 52. Nf5 Rh8 53. Ne3 Ra8 54. Rf1 Rh8 55. Rxf2 e6 56. Ra2 Ra8 57. Nc4 Ke7 58. Na5 e5 59. Nc6+ Kd7 60. Ra1 Nb3 61. Ra2 Nc5 62. Ra3 Kc8 63. Ne7+ Kd7 64. Nf5 Nxe4 65. Nxh6 Nc5 66. Nf5 e4 67. h6 e3 68. Nxe3 Ke7 69. Nf5+ Kd7 70. h7 1-0

[Event "Satu Mare op 2nd"]
[Site "Satu Mare"]
[Date "2011.07.17"]
[Round "4"]
[White "Bulmaga, Elena"]
[Black "Talmaci, Alexandru"]
[Result "1-0"]
[WhiteElo "1791"]
[BlackElo "1933"]
[PlyCount "69"]
[EventDate "2011.07.15"]
[EventType "swiss"]
[EventRounds "9"]
[EventCountry "ROU"]
[SourceTitle "CBM 143 Extra"]
[Source "ChessBase"]
[SourceDate "2011.08.29"]
[SourceVersion "1"]
[SourceVersionDate "2011.08.29"]
[SourceQuality "1"]

1. d4 Nf6 2. c4 e6 3. Nf3 b6 4. g3 Bb7 5. Bg2 Be7 6. 0-0 0-0 7. d5 exd5 8. Nh4 Qc8 9. Nf5 Re8 10. cxd5 d6 11. Nxe7+ Rxe7 12. Nc3 Nbd7 13. e4 Nf8 14. Bg5 N8d7 15. Rc1 h6 16. Bd2 Nf8 17. Re1 Qe8 18. Qf3 Bc8 19. h3 Bd7 20. Bxh6 gxh6 21. Qxf6 Kh7 22. f4 Ng6 23. h4 Bg4 24. h5 Nf8 25. e5 Bc8 26. Be4+ Kg8 27. exd6 cxd6 28. Qxh6 f5 29. Qg5+ Rg7 30. Qh4 fxe4 31. Nxe4 Qf7 32. Nf6+ Kh8 33. Ne8 Rg8 34. Nxd6 Qd7 35. Qf6+ 1-0